Online
Catalog
Normal view MARC view

Entry Nombre corporativo

Number of records used in: 7

001 - NÚMERO DE CONTROL

  • campo de control: 42757

003 - IDENTIFICADOR DEL NÚMERO DE CONTROL

  • campo de control: BNPHU

005 - FECHA Y HORA DE LA ÚLTIMA TRANSACCIÓN

  • campo de control: 20240306100204.0

008 - DATOS DE LONGITUD FIJA

  • campo de control de longitud fija: 200615|| aca||aabn | a|a d

010 ## - NÚMERO DE CONTROL DE LA BIBLIOTECA DEL CONGRESO

  • Número de control de LC: n 82137656

040 ## - FUENTE DE LA CATALOGACIÓN

  • Centro/agencia transcriptor: OSt
  • Centro catalogador/agencia de origen: DO-SdBNP

110 2# - ENCABEZAMIENTO-NOMBRE DE ENTIDAD CORPORATIVA

  • Nombre de entidad corporativa o nombre de jurisdicción como elemento de entrada: Consejo Nacional para la Niñez (República Dominicana )

410 20 - TRAZADO DE VÉASE--NOMBRE DE ENTIDAD CORPORATIVA

  • Nombre de entidad corporativa o nombre de jurisdicción como elemento de entrada: CONANI

410 20 - TRAZADO DE VÉASE--NOMBRE DE ENTIDAD CORPORATIVA

  • Nombre de entidad corporativa o nombre de jurisdicción como elemento de entrada: C.O.N.A.N.I.

410 10 - TRAZADO DE VÉASE--NOMBRE DE ENTIDAD CORPORATIVA

  • Nombre de entidad corporativa o nombre de jurisdicción como elemento de entrada: República Dominicana
  • Unidad subordinada: Consejo Nacional para la Niñez

670 ## - FUENTE DE DATOS ENCONTRADOS

  • Cita de la fuente: Work cat.: (OSt)19669: Política nacional de protección de niños, niñas y adolescentes en situación de orfandad y vulnerabilidad por el VIH/SIDA en República Dominicana., [19--?].

670 ## - FUENTE DE DATOS ENCONTRADOS

  • Cita de la fuente: Seminario sobre la Aplicación de un Modelo Ecológico Integral de Asistencia al Niño Marginado (1º : 1980 : Santo Domingo, República Dominicana). Seminario sobre la Aplicación ... 1980

Powered by Koha